000
00209 a2200097 4500
001
125530
040
_c
Escola Canadense de Niteroi
100
_a
Gutierrez, Francisco
245
1
0
_a
Linguagem Total
942
_c
REF
999
_c
125530
_d
125530